000
00257nam a22001217a 4500
008
180917b xxu||||| |||| 00| 0 eng d
041
_a
eng
080
_a
94
100
_a
16
101
_a
HIS
245
_a
The book of Europe
_c
Beazley,M
942
_2
udc
_c
BK
999
_c
47835
_d
47835